[Event "FIDE World Cup"]
[Site "Krasnaya Polyana"]
[Date "2021.08.05"]
[Round "8.2"]
[White "Carlsen, Magnus"]
[Black "Fedoseev, Vladimir1"]
[Result "1-0"]
[WhiteElo "2847"]
[BlackElo "2696"]
[Annotator "Nielsen,Peter Heine"]
[PlyCount "98"]
[EventDate "2021.07.12"]
[EventType "k.o."]
[EventRounds "8"]
[EventCountry "RUS"]
[SourceTitle "CBM 204"]
[Source "ChessBase"]
[SourceDate "2021.10.31"]
[SourceVersion "1"]
[SourceVersionDate "2021.10.31"]
[SourceQuality "1"]

{[%evp 0,98,61,25,67,70,68,57,70,23,23,23,19,-6,35,40,45,42,42,42,42,48,41,62,32,37,41,58,39,52,55,68,46,60,68,64,41,42,59,51,52,-47,6,11,8,-54,47,47,50,-28,-28,-46,22,37,24,-29,81,0,25,8,7,-1,14,14,-1,-40,-28,0,0,0,27,39,35,288,942,70,48,95,67,67,67,67,74,82,92,109,101,77,65,96,111,99,118,122,132,139,164,171,385,474,602]} {For both players, the play-off for 3rd place must have been quite an anti-climax. The World Champion obviously wanted to add the World Cup to his resume of tournament victories, and for Fedoseev he would have preferred facing Duda, as then a spot in the candidates tournament would have been at stake. But with less at stake, perhaps the players played more freely and created two masterpieces of positional attacking chess. The first one, where Magnus won with the black pieces by sacrifing an exchange, to be followed by this second game:} 1. e4 c6 {Fedoseev needing to win, does his part to ensure an unbalanced game and deviates from his usual 1...e5.} 2. d4 d5 3. e5 Bf5 4. c4 $5 {Typically this is played with 4 h4 h5 included. It is unclear who benefits from excluding the pair, but it leads to less familiar structures, where the players will have to think themselves and not being able to rely on well-throdden paths.} e6 5. Nc3 Bb4 (5... Ne7 {is played more often, but the game move is preferred by at least some of the computers. But as said: we are basically in unchartered waters.}) 6. cxd5 Qxd5 $5 {A principled move, giving black the d5-square where he will later relocate one of his knights. But as will be seen, it also means white gets access to the e4-square.} ({RR} 6... cxd5 7. Bd3 Ne7 8. Nge2 Nbc6 9. O-O O-O 10. Be3 Rc8 11. a3 Bxc3 12. Nxc3 h6 13. g4 Bxd3 14. Qxd3 f5 15. exf6 Rxf6 16. f4 Qd7 17. Kh1 Rcf8 18. Rg1 Na5 19. Raf1 Nc4 20. Bc1 Nd6 21. h4 {Alekseenko,K (2687)-Ter Sahakyan,S (2605) chess.com INT 2022 0-1 (39)}) 7. Nge2 Qd8 $146 ({RR} 7... Ne7 8. a3 Bxc3+ 9. Nxc3 Qd7 10. h4 h5 11. Bg5 Nd5 12. Bd3 Na6 13. Ne4 Bxe4 14. Bxe4 Ne7 15. O-O Nc7 16. Qb3 Ncd5 17. Rac1 f6 18. Bd2 Nf5 19. Bxf5 exf5 20. e6 Qe7 21. Bb4 Nxb4 22. axb4 {Tzidkiya,Y (2419)-Yarmonov,I (2372) Jerusalem 2022 1-0}) ({RR} 7... Ne7 8. a3 Bxc3+ 9. Nxc3 Qd7 10. Be2 Nd5 11. O-O O-O 12. g4 Bg6 13. f4 Nxc3 14. bxc3 Be4 15. Qd2 c5 16. Qe3 Qc6 17. f5 Nd7 18. Bf3 Bxf3 19. Rxf3 Kh8 20. Bd2 Rae8 21. f6 gxf6 22. Rh3 {Toliopoulos,K (1981)-Mnatsakanyan,A (2150) Thessaloniki GRE 2025 ½-½ (34)}) 8. a3 Ba5 9. Ng3 Ne7 10. Bc4 Bg6 {One could argue black as a pretty good Caro-Kann. The d5-square is firmly his, and Nd7-b6 an easy way to utilize that. But with all the pieces on the board, having one good square available is not really enough for black's cramped position as the other minor pieces lacks obvious footholds. And Magnus immediately uses the momentum to attack:} 11. h4 $1 {Not having committed to this advance at move 4, means that white always had the options of playing it later, and Magnus, as usual, times his flank attacks well. Should back reply with the typical ...h5 then white has the option of Bg5, while black, with his bishop on g6, no longer has ...Bg5 options.} h6 ({Interestingly, if} 11... h5 {, the computers prefer} 12. O-O $5 {with a promising position for white.}) 12. h5 Bh7 13. Qg4 Kf8 $6 {It seemed like Fedoseev had to give up the right to castle, as 13...Rg8 looks like the only other way to defend the g7-pawn.} ({However, the interesting tactic} 13... Bf5 $1 {was possible, the point being} 14. Qxg7 (14. Nxf5) 14... Rh7 {trapping white's queen.}) {14 Nxf5 of course is possible, with a pleasant position for white, but nothing compared to the overwhelming advantage he has from here on:} 14. O-O Nd7 15. Nce4 Bc7 16. Ba2 Nf5 17. Nxf5 Bxf5 18. Qf3 {Black has managed to easy the pressure a bit, by exchanging a set of minor pieces, but the long-term damage to his position is irrepairable. With Anand and kramnik recently testing the " no castle" chess version, this is a good reminder of how valuable that option is. Blacks king simply has no reasonable way to long-term safety. While whites is safely hidden away on g1.} Qe7 19. Ng3 Bh7 20. Qg4 c5 21. Bd2 {The immediate f4 was also strong, but this is a nice little move, nipping any black counterplay in the bud.} Rd8 ({If} 21... cxd4 {then} 22. Bb4 Nc5 23. Rac1 b6 24. f4 {gives a crushing attack.}) 22. f4 Nb6 23. Bc3 $1 {A nice move, again meeting ...cxd4 by Bb4! and then again, holding back black's counterplay.} Nd5 (23... cxd4 24. Bb4) 24. f5 $1 {While Magnus has restrained himself for a while not giving up any material, the following phase changes that starting off the fireworks with an exchange sacrifice.} Ne3 25. Qf3 Nxf5 (25... Nxf1 {was possible, but after simply} 26. Rxf1 {white's attack in the f-line is unstoppable.}) {Now it comes to a temporary hold, and Magnus has to open a 2nd front.} 26. Nxf5 Bxf5 27. d5 $1 {As black's bishop was lured to f5, this is now possible as 27...exd5 is mt by 28 Qxf5.} Bb6 ({As black's bishop was lured to f5, this is now possible as} 27... exd5 {is met by} 28. Qxf5) 28. Bc4 {Another move very much in the spirit of the game, limiting black's activity as much as possible, avoiding ...c4+.} Kg8 ({If} 28... exd5 {, then e.g.} 29. Qxf5 dxc4 30. e6 f6 31. Bxf6 gxf6 32. Qg6 {wins instantly}) 29. d6 Qh4 30. b3 {At first sight maybe black's position does not look that hopeless. 30...Kh7 31 a4! a5 32 g4!! when after 32... Bxg4 33 Qe4+ Kg8 34 Ra2 blacks position again collapses due to his king being boxed in, and after 32...Qxg4+ 33 Qxg4 Bxg4 34 Rxf7 the inclusion of a4/a5 means that Rxb7 next will threaten the now unprotected bishop at b6.} Rd7 (30... Kh7 {could look like finishing artificial castling, but the computer gives} 31. a4 $1 a5 32. g4 $3 {when after} Bxg4 ({after} 32... Qxg4+ 33. Qxg4 Bxg4 34. Rxf7 {[%csl Rb6][%cal Gf7b7] the inclusion of a4/a5 means that Rxb7 next will threaten the now unprotected bishop at b6.}) 33. Qe4+ Kg8 34. Ra2 {black's position again collapses due to his king being boxed in.}) 31. Qe2 Qg4 {Fedoseev had a fantastic World Cup, an impression which is not changed by the games in this mini-match despite being on the wrong side of two brilliancies. It does take two to create a good game, and Fedoseev does his best to fight, forcing Magnus to take extra-ordinary measures. Which the World Champion indeed does:} 32. Rxf5 $3 Qxf5 ({Black could get an ending with} 32... Qxe2 {, but after} 33. Bxe2 exf5 34. Bb5 $5 Rd8 35. Bc4 {is tragic despite being an exchange and a pawn up. There is no way he can free himself, and 36 Rf1 will be next, when black's position collapses.}) 33. Rf1 Qg5 34. Bd2 Qd8 35. Qg4 a6 {Easy to criticise, but black practically is in zugzwang. This prepares ...Qe8 without allowing Bb5. But obviously Magnus strikes before black manages to consolidate.} (35... Kh7 {would not change anything, as} 36. Rxf7 Rxf7 37. Qg6+ Kg8 38. Qxe6 {leads to a similar kind of position.}) 36. Rxf7 $3 {The f7-pawn was the fundament of black's position. Its striking how helpless black is, despite actually being two rooks up for a bishop. But the remaining white pieces and pawns coordinate so well that a normal material count has absolutely no relevance.} Kxf7 (36... Rxf7 37. Qxe6 Qf8 38. Qg6 {leaves black completely boxed in.}) 37. Qxe6+ $5 {The human touch.} ({The computer gives} 37. Bxe6+ Ke8 38. Qg6+ Kf8 39. Bxd7 Qxd7 40. e6 {winning,}) {but the interesting part of Magnus's double rook sacrifice is that it wins by pure strength of position, and that no calculation is basically necessary!} 37... Kf8 38. Qf5+ Ke8 39. Qg6+ Kf8 40. Qf5+ Ke8 41. Qg6+ Kf8 42. e6 $1 Qf6 {The computers preferred move as well.} ({After} 42... Re7 {it gives} 43. Qf5+ Ke8 44. Bf4 $1 {protecting d6, when black is completely lost for a reasonable move.}) 43. exd7 $1 Qxg6 44. hxg6 {If black feels the pressure has evoporated, it's an illusion. He still is completely boxed in} Bd8 ({and if} 44... h5 {then comes} 45. Bg5 $1 {followed by} Z0 46. Be7#) 45. Be6 h5 46. Kf2 h4 47. Bg4 $1 {[%cal Rh8h5] Staying loyal to the theme of the game till the end. Rh5 of course will not be allowed, so black has to stay boxed in.} b5 48. Kf3 b4 (48... Rh6 {might look as the only way to fight, but the opposite colored bishop ending after} 49. Bxh6 gxh6 {is easily winning, as the white king undisturbedly can walk to c8, and white's bishop from f5 both covers the g6-pawn and prevents a possible black passer from queening.}) 49. axb4 cxb4 {But at the same time Fedoseev resigned.} 1-0

[Event "Norway Chess 9th"]
[Site "Stavanger"]
[Date "2021.09.07"]
[Round "1"]
[White "Firouzja, Alireza"]
[Black "Carlsen, Magnus"]
[Result "1/2-1/2"]
[WhiteElo "2754"]
[BlackElo "2855"]
[PlyCount "77"]
[EventDate "2021.09.07"]
[EventType "tourn"]
[EventRounds "10"]
[EventCountry "NOR"]
[EventCategory "21"]
[SourceTitle "CBM 204"]
[Source "ChessBase"]
[SourceDate "2021.10.31"]
[SourceVersion "1"]
[SourceVersionDate "2021.10.31"]
[SourceQuality "1"]

1. e4 c5 2. Nf3 Nc6 3. Bb5 e6 4. O-O Nge7 5. Re1 Ng6 6. c3 d5 7. h4 ({RR} 7. Qa4 Be7 8. d4 O-O 9. exd5 Qxd5 10. dxc5 Bxc5 11. Nbd2 Be7 12. Nc4 Qd8 13. Bxc6 bxc6 14. Nd4 c5 15. Nc6 Qc7 16. Nxe7+ Nxe7 17. Qa5 Qxa5 18. Nxa5 Ba6 19. Bg5 Rfe8 20. Rad1 h6 21. Bxe7 Rxe7 {Wang,H (2752)-Carlsen,M (2861) Wijk aan Zee 2013 ½-½ (31)}) 7... a6 $146 ({RR} 7... dxe4 8. Rxe4 Bd6 9. h5 Nge7 10. d4 a6 11. Ba4 b5 12. dxc5 Bxc5 13. Qxd8+ Nxd8 14. Bc2 Bb7 15. Rg4 Bxf3 16. gxf3 Nf5 17. a4 bxa4 18. Rgxa4 O-O 19. Rxa6 Rc8 20. Nd2 Nc6 21. Nc4 Nce7 22. R1a4 {Carlsen,M (2853)-Mikaelyan,A (2523) chess.com INT 2023 1-0 (33)}) ({RR} 7... h5 8. d4 a6 9. Bd3 Be7 10. exd5 exd5 11. Bxg6 fxg6 12. Bg5 O-O 13. dxc5 Bxg5 14. Nxg5 Qf6 15. Qxd5+ Kh8 16. Qf3 Qd8 17. Nf7+ Rxf7 18. Qxf7 Bf5 19. Nd2 Qxd2 20. Rad1 Qxb2 21. Rd5 Qxc3 22. Rf1 {Grot,B (2190)-Saragih,A (2140) chess.com INT 2024 1-0 (39)}) 8. Bxc6+ bxc6 9. h5 Nf4 10. d4 Nxh5 11. Ne5 Nf6 12. Qa4 Bd7 13. Bg5 Be7 14. Nxd7 Qxd7 15. e5 Ng8 16. Bxe7 Nxe7 17. dxc5 Qb7 18. b4 a5 19. Qb3 O-O 20. Nd2 Qa6 21. Nf3 Qc4 22. Qxc4 dxc4 23. Re4 axb4 24. cxb4 Ra4 25. Rxc4 Rfa8 26. Nd4 Rxa2 27. Rxa2 Rxa2 28. b5 cxb5 29. Nxb5 Nc6 30. Nd4 Nxd4 31. Rxd4 Kf8 32. c6 Rc2 33. Rd8+ Ke7 34. Rd7+ Ke8 35. Rc7 g5 36. Rc8+ Ke7 37. Rc7+ Ke8 38. Rc8+ Ke7 39. Rc7+ 1/2-1/2

[Event "Norway Chess 9th"]
[Site "Stavanger"]
[Date "2021.09.08"]
[Round "2"]
[White "Carlsen, Magnus"]
[Black "Tari, Aryan"]
[Result "1/2-1/2"]
[WhiteElo "2855"]
[BlackElo "2642"]
[PlyCount "92"]
[EventDate "2021.09.07"]
[EventType "tourn"]
[EventRounds "10"]
[EventCountry "NOR"]
[EventCategory "21"]
[SourceTitle "CBM 204"]
[Source "ChessBase"]
[SourceDate "2021.10.31"]
[SourceVersion "1"]
[SourceVersionDate "2021.10.31"]
[SourceQuality "1"]

1. e4 e5 2. Nf3 Nc6 3. Bc4 Nf6 4. d3 Bc5 5. c3 d6 6. Nbd2 a5 7. Nf1 Be6 ({RR} 7... O-O 8. Ng3 Be6 9. Bb5 Ne7 10. O-O c6 11. Ba4 Ng6 12. d4 Ba7 13. h3 exd4 14. Nxd4 d5 15. Nxe6 fxe6 16. Bc2 Qc7 17. Kh2 dxe4 18. Qe2 Nf4 19. Qe1 Rad8 20. Bxe4 h5 21. Be3 Bb8 22. Kg1 {Carlsen,M (2864)-So,W (2773) Zagreb 2022 0-1 (39)}) 8. Bb5 O-O 9. Bg5 $146 ({RR} 9. Ng3 d5 10. Qe2 Na7 11. Ba4 b5 12. exd5 Nxd5 13. Bc2 Nf4 14. Bxf4 exf4 15. Ne4 Be7 16. O-O c5 17. Bb3 Bg4 18. a4 b4 19. Rfe1 Nc6 20. Ned2 Bf6 21. Qe4 bxc3 22. bxc3 Qd7 23. Rac1 {½-½ (23) Oratovsky,M (2417)-Mrva,M (2361) Krakow POL 2024}) ({RR} 9. Ng3 d5 10. Qe2 h6 11. O-O Re8 12. Bxc6 bxc6 13. Nxe5 Bd6 14. Nxc6 Qd7 15. Nd4 dxe4 16. dxe4 Bxg3 17. hxg3 Bg4 18. Qb5 Rxe4 19. Qxd7 Bxd7 20. Bf4 Nd5 21. Rfe1 Rxe1+ 22. Rxe1 c5 23. Nb3 c4 {Asish Panda (1911)-Tari,A (2636) chess.com INT 2025 0-1 (41)}) 9... h6 10. Bh4 g5 11. Bg3 Nh5 12. Ne3 Qf6 13. Bxc6 bxc6 14. d4 exd4 15. Nxd4 Bxd4 16. cxd4 Nf4 17. h4 Rfb8 18. b3 a4 19. bxa4 Rb2 20. hxg5 hxg5 21. Bxf4 gxf4 22. Nf5 Bxf5 23. exf5 Re8+ 24. Kf1 Qxf5 25. Rh5 Qg6 26. Rh4 Ree2 27. Qxe2 Rxe2 28. Kxe2 Qe4+ 29. Kf1 Qxd4 30. Re1 Qxa4 31. Kg1 Kf8 32. Rh8+ Kg7 33. Rc8 f3 34. gxf3 Qa5 35. Re4 c5 36. a4 d5 37. Re7 Qxa4 38. Rexc7 c4 39. Rc6 Qa1+ 40. Kg2 Qe5 41. Kh3 Qg5 42. Kh2 Qf4+ 43. Kg2 Qf5 44. Kg3 Qh5 45. Kg2 Qh4 46. R8c7 Qg5+ 1/2-1/2

[Event "Norway Chess 9th"]
[Site "Stavanger"]
[Date "2021.09.10"]
[Round "4"]
[White "Carlsen, Magnus"]
[Black "Nepomniachtchi, Ian"]
[Result "1/2-1/2"]
[WhiteElo "2855"]
[BlackElo "2792"]
[PlyCount "77"]
[EventDate "2021.09.07"]
[EventType "tourn"]
[EventRounds "10"]
[EventCountry "NOR"]
[EventCategory "21"]
[SourceTitle "CBM 204"]
[Source "ChessBase"]
[SourceDate "2021.10.31"]
[SourceVersion "1"]
[SourceVersionDate "2021.10.31"]
[SourceQuality "1"]

1. e4 e5 2. Nf3 Nc6 3. Bb5 Nf6 4. O-O Nxe4 5. d4 Nd6 6. Bxc6 dxc6 7. dxe5 Nf5 8. Qxd8+ Kxd8 9. Rd1+ Ke8 10. Nc3 Be6 11. Ng5 Bc8 12. h3 ({RR} 12. Ne2 a5 13. Nf4 h6 14. Nf3 a4 15. g4 Ne7 16. h3 c5 17. c4 b6 18. Kg2 Ba6 19. b3 Bb7 20. Bb2 a3 21. Bc3 Ng6 22. Nxg6 fxg6 23. Kg3 Be7 24. e6 Bd6+ 25. Rxd6 cxd6 26. Nh4 Be4 {Aronian,L (2782)-Carlsen,M (2847) Chess24.com INT 2021 ½-½ (41)}) 12... Be7 13. Nf3 h5 14. Ne2 Nh4 $146 ({RR} 14... Be6 15. Nf4 {½-½ (17) Grischuk,A (2763)-Karjakin,S (2779) Astana 2012}) 15. Nxh4 Bxh4 16. g3 Be7 17. Kg2 Bf5 18. c3 c5 19. Be3 g5 20. f3 g4 21. Nf4 gxf3+ 22. Kxf3 b6 23. Rd2 Rd8 24. Rad1 Rxd2 25. Rxd2 Bd8 26. h4 c6 27. Ng2 Bg4+ 28. Kf2 Rg8 29. a3 Be7 30. Bf4 Rg6 31. Ne1 Be6 32. Nf3 Bd5 33. Bg5 Bxf3 34. Bxe7 Kxe7 35. Kxf3 Ke6 36. Kf4 Rg4+ 37. Kf3 Rg6 38. Kf4 Rg4+ 39. Kf3 1/2-1/2

[Event "Norway Chess 9th"]
[Site "Stavanger"]
[Date "2021.09.12"]
[Round "5"]
[White "Karjakin, Sergey"]
[Black "Carlsen, Magnus"]
[Result "1-0"]
[WhiteElo "2758"]
[BlackElo "2855"]
[Annotator "Edouard,Romain"]
[PlyCount "107"]
[EventDate "2021.09.07"]
[EventType "tourn"]
[EventRounds "10"]
[EventCountry "NOR"]
[EventCategory "21"]
[SourceTitle "CBM 204"]
[Source "ChessBase"]
[SourceDate "2021.10.31"]
[SourceVersion "1"]
[SourceVersionDate "2021.10.31"]
[SourceQuality "1"]

1. e4 c5 2. Nf3 Nc6 3. d4 cxd4 4. Nxd4 Nf6 5. Nc3 e5 6. Ndb5 d6 7. Nd5 Nxd5 8. exd5 Ne7 9. c4 Ng6 10. Qa4 Bd7 11. Qb4 Qb8 12. h4 h5 13. Be3 (13. Bd3 {was played in MVL-Carlsen in 2019.}) 13... a6 ({After} 13... b6 14. Be2 Be7 15. g3 a6 16. Nc3 {Carlsen himself had a smooth win against Gelfand. Black pushed ...b5 now as Magnus did in the current game, but has lost a crucial tempo with ...b6.}) 14. Nc3 Be7 ({Carlsen did not dare to repeat} 14... a5 {which brought him a short victory against Caruana in the tiebreak of their World Championship match. The engine prefers White here, so surely both players knew a way for White to improve on the previous game!}) ({He did not repeat} 14... f5 {either, as he played against Van Foreest in Wijk aan Zee (2020).}) 15. g3 (15. Na4 {as in Van Foreest-Gukesh (Chess.com) may deserve attention, but here Black should probably just play 15...Qc7 in order not to lose an exchange after Nb6.}) 15... O-O $1 $146 {An excellent novelty! So far, only ...f5 and ...a5 had been tried.} 16. Be2 b5 $1 (16... Bg4 $2 17. Bxg4 hxg4 18. h5 {would be a disaster for Black.}) 17. cxb5 axb5 18. Bxh5 Bd8 $1 {Magnus is playing like an engine - definitely just a great preparation. Black has lost one pawn but has great compensation as the game proves.} 19. O-O ({After} 19. Bxg6 fxg6 {White's light-squares would be a disaster.}) 19... Ne7 20. Bg5 $146 {White removes the bishop from e3 as ...Nf5 is coming.} ({RR} 20. a3 f5 21. f4 e4 22. Kg2 Ba5 23. Qb3 Rc8 24. Na2 Qb7 25. Rfd1 Rc7 26. Bd2 Bxd2 27. Rxd2 Kh7 28. Nb4 Rac8 29. Rad1 Qb6 30. Rd4 Rc4 31. Qe3 Rxd4 32. Qxd4 Qxd4 33. Rxd4 Rc5 34. Bd1 Bc8 {Van der Werf,J (2117)-Grana Castanal,A (2027) Maia POR 2025 ½-½ (43)}) 20... Ba5 21. Qb3 Nf5 22. Ne2 {Had Black been able to play ...Nd4 his position would have been even better.} Bb6 (22... f6 $5 {(as the d2-square is still covered) looked very interesting as well, e.g.} 23. Bc1 Rc8 24. Bg6 Qb7 25. Qf3 Ne7 $17) 23. Rac1 Ra4 24. Rc6 $1 {A great sacrifice, which Black should just have declined, for example playing 24...Bc5 or 24...Qa7.} Bxc6 $2 25. dxc6 Rc4 26. a4 ({After} 26. Bf3 {White has enough compensation as well. After} e4 27. Bg4 Nd4 28. Nxd4 Bxd4 29. Bd7 d5 $1 {the position is unclear, as Black can just answer} 30. Be7 {with} Re8 {with a fine position.}) 26... Nd4 $2 (26... d5 $1 27. axb5 Rc5 {threatening ...Rxb5 was a better option.}) 27. Nxd4 Bxd4 28. axb5 d5 29. Rc1 $1 {By trading Black's active rook White is much better thanks to his queenside passed pawns.} Rxc1+ 30. Bxc1 Qb6 31. Be3 Bxe3 32. fxe3 Rd8 (32... d4 33. exd4 Qxd4+ 34. Kf1 e4 35. Qc3 Qd5 36. Be2 {and Black doesn't have enough counterplay.}) 33. Kg2 g6 34. Be2 Kg7 35. Qc3 d4 36. exd4 exd4 37. Qd3 Qa5 38. Qc2 Qb4 39. b3 Re8 40. Bc4 $6 (40. c7 $1 {was winning by force:} Rc8 41. Bg4 f5 42. Bxf5 $3 gxf5 43. Qxf5 Rxc7 44. Qe5+ $18) 40... Re7 41. Qf2 $4 (41. Qd3 $1 {would force Black to defend the d4-pawn passively.}) 41... Qc3 {Suddenly Black has enough counterplay!} 42. Qf3 Qb4 $4 {No, not this way!} (42... f5 $3 43. b6 (43. Qxc3 dxc3 44. Bd3 $2 c2 $19) (43. Qd5 Qc2+ 44. Kh3 Qd1 $1 $11) 43... Qc2+ 44. Kh3 g5 $3 45. hxg5 Kg6 $1 46. Bg8 $8 Re2 {and Black has enough counterplay!} (46... d3 $5) (46... Rg7 $5)) (42... Qc2+ 43. Kh3 f5 $3 {works as well.}) 43. Kh3 $2 (43. Qd5 $1 Qd2+ 44. Kh3 {was more precise: Black is paralyzed.}) 43... Qd6 $2 {Passive moves are not the way to save that game!} (43... Qe1 $1 {could have turned the tables:} 44. b6 d3 $3 45. Bxd3 $2 Re3 $17) 44. Qf4 $2 (44. b6 {was just winning.}) 44... Qxf4 $2 (44... Qc5 {was necessary.}) 45. gxf4 d3 {Black wins a piece but White's pawns are too fast.} 46. Bxd3 Re3+ 47. Kg2 Rxd3 48. b6 Rxb3 49. b7 Rb6 50. h5 gxh5 51. Kh3 Rxc6 52. b8=Q Rc5 53. Qb2+ f6 54. Kh4 {Black has no fortress, so he resigned!} 1-0

[Event "Norway Chess 9th"]
[Site "Stavanger"]
[Date "2021.09.13"]
[Round "6"]
[White "Carlsen, Magnus"]
[Black "Firouzja, Alireza"]
[Result "1-0"]
[WhiteElo "2855"]
[BlackElo "2754"]
[PlyCount "103"]
[EventDate "2021.09.07"]
[EventType "tourn"]
[EventRounds "10"]
[EventCountry "NOR"]
[EventCategory "21"]
[SourceTitle "CBM 204"]
[Source "ChessBase"]
[SourceDate "2021.10.31"]
[SourceVersion "1"]
[SourceVersionDate "2021.10.31"]
[SourceQuality "1"]

1. e4 e5 2. Nf3 Nc6 3. Bb5 a6 4. Ba4 Nf6 5. O-O b5 6. Bb3 Bc5 7. a4 Rb8 8. c3 d6 9. d4 Bb6 10. a5 Ba7 11. h3 Bb7 12. Be3 Nxe4 13. Nbd2 Nxd2 14. Qxd2 O-O 15. dxe5 dxe5 16. Qxd8 Rbxd8 17. Bxa7 Nxa7 18. Nxe5 Bd5 19. Bc2 Nc6 20. Nxc6 Bxc6 21. Rad1 Rfe8 22. Rxd8 $146 ({RR} 22. f3 Kf8 23. Kf2 h6 24. h4 Bd5 25. b4 Rd6 26. Rd2 Be6 27. Rxd6 cxd6 28. Rc1 Rc8 29. Bd3 g5 30. hxg5 hxg5 31. Ke3 Ke7 32. Kd4 Rh8 33. g3 Rh2 34. Rg1 Rd2 35. Ke3 Rh2 36. Be4 d5 {Sindarov,J (2629)-Arjun,K (2513) Abu Dhabi 2022 ½-½ (72)}) 22... Rxd8 23. Rd1 Rxd1+ 24. Bxd1 Kf8 25. f4 Ke7 26. Kf2 Kd6 27. b4 Bd5 28. g4 h6 29. g5 hxg5 30. fxg5 c5 31. Ke3 cxb4 32. cxb4 Ke5 33. h4 g6 34. Bg4 Be6 35. h5 gxh5 36. Bxh5 Kf5 37. Bf3 Bc8 38. Kd4 Kxg5 39. Ke5 f5 40. Kd6 f4 41. Ke5 Kg6 42. Kxf4 Kf6 43. Bd5 Bd7 44. Bb7 Ke6 45. Ke4 Kd6 46. Bxa6 Bc6+ 47. Kd4 Be8 48. Bb7 Bd7 49. Bf3 Bc8 50. Be2 Bd7 51. Bd3 Bc6 52. Be4 1-0